Elton John Albums Tile Select - Statistics

General Stats
  • This quiz has been taken 73 times
  • The average score is 46 of 63
Answer Stats
Question Tile Select % Correct
the following songs that are on Madman Across the Water (1971). From Denver to L.A. No
94%
the following songs that are on Madman Across the Water (1971). Your Song No
92%
the following songs that are on Madman Across the Water (1971). Tiny Dancer Yes
91%
the following songs that are on Goodbye Yellow Brick Road (1973). Bennie and the Jets Yes
89%
the following songs that are on Goodbye Yellow Brick Road (1973). Elderberry Wine No
89%
the following songs that are on Madman Across the Water (1971). Burn Down the Mission No
88%
the following songs that are on Honky Château (1972). Rocket Man (I Think It’s Going To Be A Long, Long Time) Yes
88%
the following songs that are on Goodbye Yellow Brick Road (1973). Saturday Night's Alright for Fighting Yes
88%
the following songs that are on Goodbye Yellow Brick Road (1973). Candle in the Wind Yes
86%
the following songs that are on Don't Shoot Me I'm Only the Piano Player (1973). Grey Seal No
86%
the following songs that are on Madman Across the Water (1971). Rock and Roll Madonna No
86%
the following songs that are on Don't Shoot Me I'm Only the Piano Player (1973). Amy No
84%
the following songs that are on Madman Across the Water (1971). Levon Yes
84%
the following songs that are on Don't Shoot Me I'm Only the Piano Player (1973). Crocodile Rock Yes
83%
the following songs that are on Goodbye Yellow Brick Road (1973). I'm Going to Be a Teenage Idol No
83%
the following songs that are on Honky Château (1972). Take Me to the Pilot No
83%
the following songs that are on Captain Fantastic and the Brown Dirt Cowboy (1975). Ticking No
83%
the following songs that are on Honky Château (1972). Border Song No
81%
the following songs that are on Don't Shoot Me I'm Only the Piano Player (1973). Funeral for a Friend/Love Lies Bleeding No
81%
the following songs that are on Honky Château (1972). My Father's Gun No
81%
the following songs that are on Caribou (1974). Social Disease No
81%
the following songs that are on Captain Fantastic and the Brown Dirt Cowboy (1975). Someone Saved My Life Tonight Yes
81%
the following songs that are on Captain Fantastic and the Brown Dirt Cowboy (1975). Billy Bones and the White Bird No
80%
the following songs that are on Caribou (1974). Don't Let the Sun Go Down on Me Yes
80%
the following songs that are on Goodbye Yellow Brick Road (1973). All the Girls Love Alice Yes
78%
the following songs that are on Don't Shoot Me I'm Only the Piano Player (1973). Daniel Yes
78%
the following songs that are on Honky Château (1972). Mona Lisas and Mad Hatters Yes
78%
the following songs that are on Honky Château (1972). Teacher I Need You No
78%
the following songs that are on Caribou (1974). The Ballad of Danny Bailey (1909–34) No
78%
the following songs that are on Honky Château (1972). The Cage No
78%
the following songs that are on Caribou (1974). This Song Has No Title No
78%
the following songs that are on Rock of the Westies (1975). Where's the Shoorah? No
77%
the following songs that are on Rock of the Westies (1975). Writing No
77%
the following songs that are on Captain Fantastic and the Brown Dirt Cowboy (1975). You're So Static No
77%
the following songs that are on Captain Fantastic and the Brown Dirt Cowboy (1975). I Feel Like a Bullet (In the Gun of Robert Ford) No
75%
the following songs that are on Rock of the Westies (1975). Island Girl Yes
75%
the following songs that are on Caribou (1974). Roy Rogers No
75%
the following songs that are on Rock of the Westies (1975). Crazy Water No
73%
the following songs that are on Madman Across the Water (1971). Indian Sunset Yes
72%
the following songs that are on Rock of the Westies (1975). Part-Time Love No
72%
the following songs that are on Goodbye Yellow Brick Road (1973). Sweet Painted Lady Yes
72%
the following songs that are on Don't Shoot Me I'm Only the Piano Player (1973). I Think I'm Going to Kill Myself No
70%
the following songs that are on Don't Shoot Me I'm Only the Piano Player (1973). Have Mercy on the Criminal Yes
69%
the following songs that are on Rock of the Westies (1975). Sorry Seems to Be the Hardest Word No
69%
the following songs that are on Caribou (1974). Your Sister Can't Twist (But She Can Rock 'n' Roll) No
69%
the following songs that are on Goodbye Yellow Brick Road (1973). Harmony Yes
67%
the following songs that are on Madman Across the Water (1971). Holiday Inn Yes
66%
the following songs that are on Captain Fantastic and the Brown Dirt Cowboy (1975). Better Off Dead Yes
61%
the following songs that are on Honky Château (1972). Hercules Yes
61%
the following songs that are on Goodbye Yellow Brick Road (1973). I've Seen That Movie Too Yes
61%
the following songs that are on Caribou (1974). Tell Me When the Whistle Blows No
61%
the following songs that are on Captain Fantastic and the Brown Dirt Cowboy (1975). Tower of Babel Yes
61%
the following songs that are on Caribou (1974). I've Seen the Saucers Yes
59%
the following songs that are on Captain Fantastic and the Brown Dirt Cowboy (1975). We All Fall in Love Sometimes Yes
59%
the following songs that are on Captain Fantastic and the Brown Dirt Cowboy (1975). Curtains Yes
58%
the following songs that are on Caribou (1974). Grimsby Yes
58%
the following songs that are on Rock of the Westies (1975). Grow Some Funk of Your Own Yes
58%
the following songs that are on Honky Château (1972). Salvation Yes
58%
the following songs that are on Don't Shoot Me I'm Only the Piano Player (1973). High Flying Bird Yes
53%
the following songs that are on Madman Across the Water (1971). Goodbye Yes
48%
the following songs that are on Rock of the Westies (1975). Dan Dare (Pilot of the Future) Yes
45%
the following songs that are on Don't Shoot Me I'm Only the Piano Player (1973). Midnight Creeper Yes
44%
the following songs that are on Rock of the Westies (1975). Street Kids Yes
44%
No matching quizzes found
Score Distribution
Percent of People with Each Score
Percentile by Number Answered
Your Score History
You have not taken this quiz